00746nam a22002177a 4500003000500000005001700005008004100022010001000063011001000073035001000083040000900093082001200102100003100114245009000145260007700235300001100312490007600323650002800399650002500427830007600452CHAP20220329141710.0971013s1985 r 00010 d a72421 a73393 a82950 cCHAP a350bB300aBanderas Wilson, Humberto. aSistema nacional de empresas públicasb: estructura y regimen jurídico del Estado aMéxico, D. F. :bCIDE. Departamento de Admistración Pública,c1985 a428 p. aCIDE. Avances de investigación. Serie administración públicav; 914aEmpresas paraestatales.14aEmpresas públicas.0 aCIDE. Avances de investigación. Serie administración públicav; 9